Tendencias de la investigación en educación ambiental: el desarrollo socioeducactivo y comunitario

Spremljeno u:
Bibliografski detalji
Glavni autor: Zahreddine, Abbas Ibrahim (Autor)
Format: Knjiga
Jezik:španjolski
Izdano: Madrid Ministerio de Medio Ambiente. Parques Nacionales 2007
Serija:Educación Ambiental
Teme:
Oznake: Dodaj oznaku
Bez oznaka, Budi prvi tko označuje ovaj zapis!

MARC

LEADER 00000nam a2200000 a 4500
001 UCH1362
003 CL-VaPUC
008 090427e20070000SP |||||||||||||||||spa|d
020 |a 9788480147163 
082 0 4 |a 372.357  |b ZAH  |2 21 
100 0 |a Zahreddine, Abbas Ibrahim  |e author  |9 535824 
245 1 0 |a Tendencias de la investigación en educación ambiental: el desarrollo socioeducactivo y comunitario 
300 |a 287 p 
942 |c BK 
945 |d 20090427 00:00:00  |a rbrito 
260 |a Madrid  |b Ministerio de Medio Ambiente. Parques Nacionales  |c 2007 
650 0 |a Educación ambiental  |9 262920 
650 0 |a Protección del medio ambiente  |9 257626 
650 0 |a Medio ambiente  |9 257625 
650 0 |a Ecología   |9 258124 
583 |a last modification  |c 20090427 00:00:00  |k Rodrigo Vera 
490 0 |a Educación Ambiental 
999 |c 333413  |d 333411 
952 |0 0  |1 0  |4 0  |6 372_357000000000000_ZAH_2007  |7 0  |8 A  |9 421776  |a BIBEDU  |b BIBEDU  |d 2019-11-22  |i 4541294  |o 372.357 ZAH 2007  |p 4541294  |r 2019-11-22  |w 2019-11-22  |y BK  |k EDU